[Event "AUTO-INT-2884"]
[Site "http://www.queenalice.com/game.php?id=1297715"]
[Date "2014.7.27"]
[Round "1"]
[White "sockmonster"]
[Black "Leovitor"]
[Result "0-1"]
[WhiteElo "1436"]
[BlackElo "1665"]

1. d4 Nf6 2. c4 e6 3. Nc3 Bb4 4. Qc2 c5 5. Nf3 O-O 6. Bg5 cxd4 7. Nxd4 d5 8. e3
h6 9. Bh4 e5 10. Nf3 e4 0-1

[Event "AUTO-INT-3690"]
[Site "http://www.queenalice.com/game.php?id=1766286"]
[Date "2021.8.6"]
[Round "1"]
[White "Tenor"]
[Black "sockmonster"]
[Result "0-1"]
[WhiteElo "1633"]
[BlackElo "1432"]

1. e4 c6 2. d4 d5 3. e5 Bf5 4. g4 Bd7 5. h3 e6 6. g5 Ne7 7. h4 Qc7 8. Be3 Nf5 9.
Bf4 c5 10. Nf3 Nc6 11. Nc3 Nfxd4 12. Nxd4 Nxd4 13. Qd3 a6 14. O-O-O Nc6 15. Ne2
c4 16. Qf3 Nxe5 17. Bxe5 Qxe5 18. Qf4 Qxf4+ 19. Nxf4 Bd6 20. Nh5 O-O 21. Bh3 Bc6
22. Rhf1 Rfd8 23. f4 Rac8 24. f5 exf5 25. Bxf5 Bd7 26. c3 Bxf5 27. Rxf5 Rc5 28.
Rfxd5 Rxd5 29. Rf1 Bc5 30. Ng3 Be3+ 31. Kc2 Rd2+ 32. Kc1 Rf2+ 33. Kb1 Rxf1+ 0-1

[Event "AUTO-INT-3690"]
[Site "http://www.queenalice.com/game.php?id=1766287"]
[Date "2021.8.6"]
[Round "1"]
[White "sockmonster"]
[Black "Tenor"]
[Result "1-0"]
[WhiteElo "1406"]
[BlackElo "1659"]

1. d4 d5 2. c4 e6 3. Nc3 Nc6 4. Nf3 Nf6 5. Bg5 Be7 6. e3 O-O 7. Bd3 Na5 8. cxd5
exd5 9. O-O Nc4 10. Qc2 c6 11. Bxf6 Bxf6 12. Bxh7+ Kh8 13. Bd3 g6 14. Rfe1 Qc7
15. e4 dxe4 16. Nxe4 Qb6 17. Qxc4 Qb5 18. Qxb5 cxb5 19. Nxf6 a6 20. Re3 Be6 21.
Ng5 Bc4 22. Bxc4 bxc4 23. Nge4 b5 24. Rh3+ 1-0

[Event "AUTO-INT-3690"]
[Site "http://www.queenalice.com/game.php?id=1766300"]
[Date "2021.8.6"]
[Round "1"]
[White "Nigel68"]
[Black "sockmonster"]
[Result "0-1"]
[WhiteElo "1678"]
[BlackElo "1456"]

1. e4 c6 2. Nf3 d5 3. d3 dxe4 4. dxe4 Qxd1+ 5. Kxd1 Bg4 6. Be2 Nd7 7. Be3 Ngf6
8. Nc3 e5 9. Kd2 Bb4 10. h3 Bh5 11. Rhd1 Nxe4+ 12. Kd3 Nxc3 13. bxc3 Ba5 14.
Rab1 Bb6 15. Kd2 O-O-O 16. Ke1 Bg6 17. Bd3 e4 18. Ng5 exd3 19. cxd3 Rhe8 20. Ke2
Nc5 21. d4 Bxb1 22. Nxf7 Bd3+ 23. Rxd3 Nxd3 0-1

[Event "AUTO-INT-3690"]
[Site "http://www.queenalice.com/game.php?id=1766301"]
[Date "2021.8.6"]
[Round "1"]
[White "sockmonster"]
[Black "Nigel68"]
[Result "0-1"]
[WhiteElo "1578"]
[BlackElo "1712"]

1. d4 d5 2. c4 b6 3. Nf3 Bd7 4. Nc3 dxc4 5. e4 b5 6. Bf4 e6 7. Be2 b4 8. Nb1 Bb5
9. O-O Nf6 10. Nbd2 Nc6 11. Bxc4 Bxc4 12. Nxc4 Nxe4 13. Qa4 Qd5 14. Nce5 Bd6 15.
Be3 O-O 16. Qxc6 Bxe5 17. Nxe5 Qxc6 18. Nxc6 a5 19. Ne5 Nf6 20. Rac1 Nd5 21.
Rfe1 a4 22. Rc4 h6 23. Rec1 Rfd8 24. Nc6 Rd7 25. Nxb4 Rb8 26. Nxd5 Rxd5 27. Rxc7
Rdb5 28. Rc8+ Kh7 29. Rxb8 Rxb8 30. Rc2 f6 31. Bf4 Rd8 32. Be3 Rb8 33. Kf1 g5
34. Ke2 Kg6 35. Kd3 Ra8 36. Rc4 f5 37. Rc6 Rd8 0-1

[Event "AUTO-INT-3690"]
[Site "http://www.queenalice.com/game.php?id=1766308"]
[Date "2021.8.6"]
[Round "1"]
[White "tche_elvio"]
[Black "sockmonster"]
[Result "0-1"]
[WhiteElo "1458"]
[BlackElo "1555"]

1. d4 Nf6 2. c4 e5 3. d5 Bc5 4. e3 d6 5. Nf3 Bg4 6. Be2 O-O 7. O-O Nbd7 8. a3 a5
9. Nc3 Re8 10. Na4 Qe7 11. Nxc5 Nxc5 12. Bd2 a4 13. h3 Bxf3 14. Bxf3 Nb3 15. Rb1
Rad8 16. Bb4 e4 17. Be2 Nd7 18. Bc3 Ne5 19. Bxe5 Qxe5 20. f4 exf3 21. Bxf3 Qxe3+
22. Kh1 h6 23. Re1 Qxe1+ 24. Qxe1 Rxe1+ 25. Rxe1 Nd4 26. Be4 Kf8 27. Kg1 Re8 28.
Kf2 f5 29. Bxf5 Nxf5 30. Rxe8+ Kxe8 31. g3 Kf7 32. Kf3 Kf6 0-1

[Event "AUTO-INT-3690"]
[Site "http://www.queenalice.com/game.php?id=1766309"]
[Date "2021.8.6"]
[Round "1"]
[White "sockmonster"]
[Black "tche_elvio"]
[Result "1-0"]
[WhiteElo "1567"]
[BlackElo "1433"]

1. d4 Nf6 2. c4 g6 3. Nf3 Bg7 4. Nc3 O-O 5. e4 d6 6. Bd3 e6 7. O-O a6 8. Bg5
Nbd7 9. e5 dxe5 10. dxe5 h6 11. exf6 hxg5 12. fxg7 Kxg7 13. Qd2 Nc5 14. Rad1
Nxd3 15. Qxd3 Qxd3 16. Rxd3 f6 17. Rfd1 c5 18. Ne4 b5 19. cxb5 axb5 20. Nxc5
Rxa2 21. Rb3 Ba6 22. Nxa6 Rxa6 23. Rxb5 Rf7 24. b4 e5 25. Rbd5 Rb6 26. b5 Kh6
27. Nd2 Re7 28. Nc4 Rbb7 29. Rb1 g4 30. g3 Kg5 31. b6 Re6 32. Rd6 Kf5 33. Rxe6
Kxe6 34. Na5 Rb8 35. Nc6 1-0

[Event "AUTO-INT-3692"]
[Site "http://www.queenalice.com/game.php?id=1766574"]
[Date "2021.8.10"]
[Round "1"]
[White "sockmonster"]
[Black "zmanomega"]
[Result "1-0"]
[WhiteElo "1540"]
[BlackElo "1517"]

1. d4 d5 2. c4 Bf5 3. cxd5 Qxd5 4. Nc3 Qa5 5. Nf3 f6 6. Bd2 c6 7. e4 Bg4 8. h3
Be6 9. Bd3 Nd7 10. O-O Qb6 11. Qc2 g5 12. d5 cxd5 13. exd5 Bf7 14. Rfe1 Nc5 15.
Bxh7 O-O-O 16. Bf5+ Kb8 17. Be3 Bxd5 18. Nxd5 Rxd5 19. Be4 e6 20. Bxd5 exd5 21.
Rac1 Nh6 22. Bxc5 Qa6 23. Bxf8 Rxf8 24. Qc7+ 1-0

[Event "AUTO-INT-3692"]
[Site "http://www.queenalice.com/game.php?id=1766575"]
[Date "2021.8.10"]
[Round "1"]
[White "zmanomega"]
[Black "sockmonster"]
[Result "0-1"]
[WhiteElo "1533"]
[BlackElo "1524"]

1. d4 Nf6 2. e3 d5 3. f3 Bf5 4. Bd3 Bxd3 5. Qxd3 Nbd7 6. Ne2 e6 7. e4 dxe4 8.
fxe4 Be7 9. c4 O-O 10. Nd2 c6 11. Nf4 Qc7 12. Nf3 Rfe8 13. e5 Bb4+ 14. Nd2 c5
15. d5 exd5 16. Kd1 Nxe5 17. Qg3 Bxd2 18. Bxd2 Nxc4 19. b3 Nxd2 20. Kxd2 Ne4+
0-1

[Event "AUTO-INT-3692"]
[Site "http://www.queenalice.com/game.php?id=1766576"]
[Date "2021.8.10"]
[Round "1"]
[White "sockmonster"]
[Black "Capixaba789"]
[Result "1/2-1/2"]
[WhiteElo "1519"]
[BlackElo "1637"]

1. d4 d6 2. c4 Nf6 3. Nc3 e6 4. Bg5 Be7 5. Nf3 Nc6 6. e3 O-O 7. Bd3 Ng4 8. Bxe7
Qxe7 9. h3 Nf6 10. O-O b6 11. Re1 Bb7 12. a3 a5 13. Qc2 Qd7 14. Rad1 Rae8 15.
Ng5 h6 16. Nge4 Nxe4 17. Nxe4 f5 18. Ng3 d5 19. cxd5 Qxd5 20. Bc4 Nxd4 21. Bxd5
Nxc2 22. Bxb7 Nxe1 23. Rxe1 c5 24. Rd1 g5 25. Rd6 f4 26. exf4 Rxf4 27. Rxb6 Rb8
28. Ne2 Rf7 29. Rxe6 Rbxb7 30. Rxh6 Rxb2 31. Nc3 Rfxf2 32. Rg6+ Kh7 33. Rxg5
Rfc2 34. Ne4 c4 35. Nf6+ Kh6 36. Rg8 Rc1+ 37. Kh2 c3 38. h4 c2 39. Ng4+ Kh5 40.
Nf6+ Kh6 41. Ng4+ Kh5 42. Nf6+ Kh6 1/2-1/2

[Event "AUTO-INT-3692"]
[Site "http://www.queenalice.com/game.php?id=1766577"]
[Date "2021.8.10"]
[Round "1"]
[White "Capixaba789"]
[Black "sockmonster"]
[Result "0-1"]
[WhiteElo "1703"]
[BlackElo "1495"]

1. e3 d5 2. Nf3 Nf6 3. Bb5+ Bd7 4. Bxd7+ Nbxd7 5. d4 e6 6. Nc3 Bb4 7. Bd2 O-O 8.
a3 Bxc3 9. Bxc3 Ne4 10. O-O Nxc3 11. bxc3 c5 12. dxc5 Nxc5 13. Nd4 Rc8 14. a4
Ne4 15. Qh5 Nxc3 16. f4 Ne4 17. Nf3 Rxc2 18. Ng5 Nxg5 19. fxg5 Qb6 20. Rab1
Qxe3+ 21. Kh1 Qe2 22. Qh3 Rfc8 23. Rbe1 Qd2 24. g6 hxg6 25. Rxe6 Rc1 26. Qf3
Rxf1+ 27. Qxf1 Rc1 28. Re8+ Kh7 29. Re1 Rxe1 0-1